|
|
|
|
| LEADER |
00822nam a2200217 a 4500 |
| 001 |
00025131 |
| 008 |
120531r20122009enka j 000 1 eng |
| 999 |
|
|
|c 12302
|d 12302
|
| 020 |
|
|
|a 9780194239509
|
| 040 |
|
|
|a BD-DhAAL
|c BD-DhAAL
|
| 082 |
0 |
4 |
|a 428.6
|
| 245 |
1 |
0 |
|a Pinocchio /
|c edited by Sue Arengo ;[illustrated by Damian Ward].
|
| 260 |
|
|
|a Oxford :
|b Oxford University Press,
|c 2009.[reprinted 2012]
|
| 300 |
|
|
|a 32 p. :
|b col. ill. ;
|c 25cm.
|
| 490 |
1 |
|
|a Classic tales ;
|v Level five
|
| 541 |
1 |
|
|e 00025131
|
| 650 |
|
0 |
|a Readers (Elementary)
|9 49102
|
| 700 |
1 |
|
|a Arengo, Sue
|9 49103
|
| 852 |
1 |
|
|a BRAC Institute of Language (BIL)
|c General Stacks
|
| 942 |
|
|
|2 ddc
|c BK
|
| 952 |
|
|
|0 0
|1 1
|2 ddc
|4 0
|6 428_600000000000000_PIN
|7 0
|9 20344
|a BIL
|b BIL
|c GEN
|d 2012-05-31
|e Karim International
|l 0
|o 428.6 PIN
|p 3010025131
|r 2012-05-31
|t 1
|w 2012-05-31
|y BK
|